| 000 | 00599nam a2200181Ia 4500 | ||
|---|---|---|---|
| 008 | 090124s9999 xx 000 0 und d | ||
| 082 | _b38227 | ||
| 100 | _aघाणेकर प्र. के. | ||
| 245 | _a हिमाईच्या कुशीत | ||
| 250 | _a1 | ||
| 260 |
_bस्नेहल प्रकाशन _c1998 |
||
| 300 | _a180 | ||
| 600 | _aघाणेकर प्र. के. | ||
| 630 | _a हिमाईच्या कुशीत | ||
| 700 | _aघाणेकर प्र. के. | ||
| 730 | _a हिमाईच्या कुशीत | ||
| 942 | _cBOOK | ||
| 999 |
_c104276 _d104276 |
||